|
|
|
|
| LEADER |
00000nam0a2200000 4500 |
| 001 |
253977 |
| 005 |
20231101232908.0 |
| 010 |
|
|
|a 506000161X
|
| 020 |
|
|
|a RU
|b 89-40816
|
| 035 |
|
|
|a (RuTPU)RU\TPU\book\276398
|
| 090 |
|
|
|a 253977
|
| 100 |
|
|
|a 20140318d1989 m y0rusy5003 ca
|
| 101 |
0 |
|
|a rus
|
| 102 |
|
|
|a RU
|
| 105 |
|
|
|a a j 001zy
|
| 200 |
1 |
|
|a Технология монтажа и заготовительные работы
|e учебник для вузов
|f В. И. Сосков
|
| 210 |
|
|
|a Москва
|c Высшая школа
|d 1989
|
| 215 |
|
|
|a 343,[1] с.
|c ил.
|
| 320 |
|
|
|a Библиогр.: с. 336.
|
| 320 |
|
|
|a Предм. указ.: с. 337-339.
|
| 606 |
1 |
|
|a Санитарно-техническое устройство
|x Монтаж
|2 stltpush
|3 (RuTPU)RU\TPU\subj\53832
|9 71997
|
| 610 |
1 |
|
|a технологическое проектирование
|
| 610 |
1 |
|
|a санитарно-технические работы
|
| 610 |
1 |
|
|a санитарно-технические системы
|
| 610 |
1 |
|
|a заготовительные работы
|
| 610 |
1 |
|
|a монтажные работы
|
| 610 |
1 |
|
|a центральное отопление
|
| 610 |
1 |
|
|a газоснабжение
|
| 610 |
1 |
|
|a вентиляционные системы
|
| 610 |
1 |
|
|a котельные установки
|
| 610 |
1 |
|
|a газорегуляторные станции
|
| 610 |
1 |
|
|a учебники
|
| 675 |
|
|
|a 696/697.057(075.8)
|z rus
|
| 700 |
|
1 |
|a Сосков
|b В. И.
|g Владимир Иванович
|
| 801 |
|
0 |
|a RU
|b RuMRKP
|c 19950417
|g psbo
|
| 801 |
|
1 |
|a RU
|b 63413507
|c 20140318
|
| 801 |
|
2 |
|a RU
|b 63413507
|c 20140827
|g RCR
|
| 942 |
|
|
|c BK
|